Responses for Show #6749 - Thursday, January 9, 2014

Contestants

[<< previous game]

Seth Tribble, a statistician from New York, New York

Marika Kuspa, a graduate student of biology from South Bend, Indiana

Dinu Nesan, a postdoctoral fellow and university lecturer from Toronto, Ontario, Canada (whose 1-day cash winnings total $18,001)

[next game >>]

Jeopardy! Round responses

THE LADY OF SHALLOTS
FOREIGN WORDS & PHRASES
PRESIDENTS & VICE PRESIDENTS
FUNNY TV
PARKS
RECREATION
    $200 16
vinaigrette

Dinu
    $200 11
[Dinu's response, "What is muchos gracias?" was originally ruled correct but later reversed during the first commercial break.]

muchas gracias

Dinu
Triple Stumper
    $200 21
Eisenhower

Seth
    $200 1
Jon Stewart

Marika
    $200 23
Central Park

Marika
    $200 24
skateboard

Marika
    $400 17
quiche

Dinu
    $400 12
mountain

Marika
    $400 29
Teddy Roosevelt

Marika
    $400 2
(Alex: You're all too young to remember [*].)

I Love Lucy

Triple Stumper
    $400 22
Everglades

Marika
    $400 25
mixed doubles

Seth
    $600 18
(Marika: What is Chicken Kiev?)

Chicken Stroganoff

Marika
Triple Stumper
    $600 13
early & late

Marika
    $2,500 27
Whitewater

Seth
    $600 3
Mystery Science Theater 3000

Seth
    $600 4
Hyde Park

Seth
    $600 7
spike

Seth
    $800 19
quinoa

Seth
    $800 14
boer

Dinu
    $800 28
Dick Cheney

Seth
    $800 10
(Dinu: Who is Short?)
...
[NOTE: On SCTV, John Candy played Yosh Shmenge. Eugene Levy played his brother Stan.]

John Candy

Dinu
Triple Stumper
    $800 5
(Dinu: What is Svaski Park?)

Gorky Park

DinuSeth
    $800 8
K2

Seth
    $1000 20
oysters

Dinu
    $1000 15
savoir-faire

Dinu
    $1000 30
(Seth: Who is Andrew Johnson?)
...
(Alex: So that narrows it down to one other individual if you could remember the name of [*].)

Hannibal Hamlin

Seth
Triple Stumper
    $1000 26
Flight of the Conchords

Seth
    $1000 6
Golden Gate Park

Seth
    $1000 9
pilates

Marika

Scores at the first commercial break (after clue 14):

Dinu Marika Seth
-$1,000 $2,200 $4,400

Scores at the end of the Jeopardy! Round:

Dinu Marika Seth
$1,600 $2,800 $9,100

Double Jeopardy! Round responses

AFRICAN RIVERS
KIDDY LIT
COMPLETES THE BROADWAY SHOW TITLE
2-WORD SCIENCE TERMS
REDUNDANT SOUNDING NAMES
CROSSWORD CLUES "1"
(Alex: The "1" will come up in each correct response. To help you out, I'll tell you how many squares will be occupied by the correct response.)
    $400 13
Babar

Dinu
    $400 21
Without Really Trying

Marika
    $400 1
chain reaction

Marika
    $400 6
MacArthur

Seth
    $400 7
A.1.

Marika
    $800 26
[The end-of-round signal sounds.]

the Nile

Seth
    $800 14
Snow White

Marika
    $800 22
Heights

Seth
    $800 2
lactose intolerance

Marika
    $800 12
Chris Christie

Marika
    $800 8
VH1

Seth
    $1200 15
Tinker Bell

Dinu
    $3,600 23
(Alex: Less than a minute to go, now.)

Baghdad

Seth
    $1200 3
iron filings

Dinu
    $1200 18
Phillip Phillips

Seth
    $1200 9
B1

Marika
    $1600 24
(Dinu: What is Tunisia?)

Algeria

DinuSeth
    $1600 16
The Sorcerer's Ring

Triple Stumper
    $1600 4
plate tectonics

Dinu
    $1600 19
William Carlos Williams

Marika
    $1600 10
(Dinu: What is the Most--FBI Most Wanted list?)

public enemy number 1

Dinu
Triple Stumper
    $700 25
(Seth: I was just there. Oh, boy. Um, what is the... Blue River?)

Orange River

Seth
    $2000 17
(Alex: [*]'s School Days.)

Tom Brown

Triple Stumper
    $2000 5
white light

Marika
    $2000 20
Ford Madox Ford

Triple Stumper
    $2000 11
M1

Marika

Scores at the end of the Double Jeopardy! Round:

Dinu Marika Seth
$2,800 $13,200 $17,600

[wagering suggestions for these scores]

Final Jeopardy! Round responses

MAGAZINES
DinuWhat is my nephew Xavier
$0
MarikaWhat is Money magazine
$7,599
SethWhat is Fortune
$8,888
Fortune

Final scores:

Dinu Marika Seth
$2,800 $5,601 $26,488
3rd place: $1,000 2nd place: $2,000 New champion: $26,488

Game dynamics:

Coryat scores:

Dinu Marika Seth
$2,800 $13,200 $14,000
9 R,
5 W
18 R,
1 W
19 R
(including 2 DDs),
2 W
(including 1 DD)

Combined Coryat: $30,000

[game clues] [game scores] [suggest correction]

Game tape date: 2013-11-05
The J! Archive is created by fans, for fans. Scraping, republication, monetization, and malicious use prohibited; this site may use cookies and collect identifying information. See terms. The Jeopardy! game show and all elements thereof, including but not limited to copyright and trademark thereto, are the property of Jeopardy Productions, Inc. and are protected under law. This website is not affiliated with, sponsored by, or operated by Jeopardy Productions, Inc. Join the discussion at JBoard.tv.